České archivy a zahraniční inspirace
| Titel: | České archivy a zahraniční inspirace |
|---|---|
| Verfasser: | |
| In: |
Akademie věd České republiky: Práce z dějin Akademie Věd, Band 1, Heft 1 (2009), Seite 81-82 alle Artikel anzeigen |
| Veröffentlicht: | 2009 |
| Format: | Aufsatz |
| Sprache: | Tschechisch |
X
alg: 39332624 001A $01999:12-11-16 001B $01999:18-03-23 $t03:05:25.000 001D $01999:12-11-16 001U $0utf8 001X $00 002@ $0Aox 003@ $0393326241 007A $0393326241 $aHEB 007T $0Herdpp146584 010@ $acze 011@ $a2009 021A $aČeské archivy a zahraniční inspirace 028A $aJeránková $dMartina 031A $d1 $e1 $h81-82 $j2009 037A $aBrno, 4.-6. 5. 2009039B $aIn $8--Abvc--Akademie věd České republiky [Tb1]. Práce z dějin Akademie Věd. - Praha : Masarykův Ústav, 2009-. - ISSN 1803-9448 $x200900000010001919 $9221645896 045T $a7,41 lok: 39332624 78 exp: 39332624 78 1 #EPN 201B/01 $026-11-17 $t02:57:39.000 201U/01 $0utf8 203@/01 $0789436639 208@/01 $a12-11-16 $be 209A/01 $a/ $f000 $x00 220C/01 $aHerkunft: Hú Av Čr Praha 244Z/01 $#Tschechien $#Tschechische Republik $#Tschechische Republik $#Tschechenland $#Tschechei Tschechien $#Česká Republika $#Czech Republic $#ČR $74303381-7 $8--Tg1--Tschechien $x01 $9086659812 244Z/01 $2Trx $#Böhmen $#Bohemia $#Czechy $8--Trx--Čechy $x02 $9391188941 244Z/01 $2Trx $#konverentsid, teaduslikud $#mokslinės konferencijos $#Conferences, scholarly $#konferenciák, tudományos $#konferencje naukowe $#konferencie, vedecké $#konference vědecké $#Tagungen $#obrady $#zasadania $8--Trx--Konferenzen, wissenschaftliche $x03 $9391373897 244Z/01 $2Trx $#arhiivi olemus $#archyvistika $#archivistics $#levéltári dolog $#archiwistyka $#archívnictvo $#archivnictví $8--Trx--Archivwesen $x04 $939135406X 244Z/01 $2Trx $8--Trx--Zeitschriftenaufsatz $x05 $9391384341 247C/01 $82080>Marburg/Lahn, Herder-Institut, Forschungsbibliothek, Bibliographieportal $9336309341
| LEADER | 00000caa a22000002c 4500 | ||
|---|---|---|---|
| 001 | 393326241 | ||
| 003 | DE-603 | ||
| 005 | 20230318030525.0 | ||
| 007 | tu | ||
| 008 | 161112s2009 xx |||| | u00||u|cze c | ||
| 035 | |a (DE-599)HEB393326241 | ||
| 040 | |a DE-603 |b ger |c DE-603 |d DE-603 | ||
| 041 | |a cze | ||
| 084 | |a 7,41 |2 ssgn | ||
| 100 | 1 | |a Jeránková, Martina | |
| 245 | 0 | 0 | |a České archivy a zahraniční inspirace |
| 264 | 0 | |c 2009 | |
| 500 | |a Brno, 4.-6. 5. 2009 <cze> | ||
| 773 | 0 | 8 | |i In |a Akademie věd České republiky |t Práce z dějin Akademie Věd |d Praha : Masarykův Ústav, 2009- |x 1803-9448 |g Band 1, Heft 1 (2009), Seite 81-82 |w (DE-603)221645896 |w (DE-600)2544363-X |
| 924 | 0 | |9 2080 |a (DE-603)789436639 |b DE-2080 |c HES |d d |g / | |


